UBT Library

Advances in chromatography. (Record no. 43562)

000 -LEADER
fixed length control field 01965cas a2200565 a 4500
001 - CONTROL NUMBER
control field 11157898
005 - DATE AND TIME OF LATEST TRANSACTION
control field 20180227042116.0
008 - FIXED-LENGTH DATA ELEMENTS--GENERAL INFORMATION
fixed length control field 750604c19659999fluar 0 a0eng
010 ## - LIBRARY OF CONGRESS CONTROL NUMBER
LC control number 65027435
Canceled/invalid LC control number sn 85005220
015 ## - NATIONAL BIBLIOGRAPHY NUMBER
National bibliography number 010001123
Source dnb
016 7# - NATIONAL BIBLIOGRAPHIC AGENCY CONTROL NUMBER
Record control number 010001123
Source DE-101
016 7# - NATIONAL BIBLIOGRAPHIC AGENCY CONTROL NUMBER
Record control number 141-7
Source DE-600
016 7# - NATIONAL BIBLIOGRAPHIC AGENCY CONTROL NUMBER
Record control number 0121020
Source DNLM
016 7# - NATIONAL BIBLIOGRAPHIC AGENCY CONTROL NUMBER
Record control number A13590000
Source DNLM
016 7# - NATIONAL BIBLIOGRAPHIC AGENCY CONTROL NUMBER
Record control number 009187555
Source Uk
022 0# - INTERNATIONAL STANDARD SERIAL NUMBER
International Standard Serial Number 0065-2415
Source 1
030 ## - CODEN DESIGNATION
CODEN ADCYA3
035 ## - SYSTEM CONTROL NUMBER
System control number (OCoLC)ocm01373446
037 ## - SOURCE OF ACQUISITION
Source of stock number/acquisition Marcel Dekker, Inc., 270 Madison Ave., New York, NY 10016
040 ## - CATALOGING SOURCE
Original cataloging agency DLC
Language of cataloging eng
Transcribing agency UDI
Modifying agency SUL
-- FUG
-- HUL
-- YUS
-- NYG
-- HUL
-- MUL
-- SER
-- OCL
-- AIP
-- NSD
-- NST
-- DLC
-- NST
-- HUL
-- AGL
-- NST
-- NLM
-- OCLCQ
-- GUA
-- OCLCQ
-- MUQ
-- HNK
-- NLGGC
-- CDS
-- OCLCG
-- CIT
-- OCLCQ
-- DLC
-- HEBIS
-- GBVCP
-- UKMGB
-- TULIB
-- OCLCQ
-- OCLCF
-- CRCPR
-- OCLCQ
-- EUX
-- OCLCO
-- CSJ
-- OCLCA
-- OCL
-- OCLCO
-- CSA
-- OCLCO
041 ## - LANGUAGE CODE
Language code of text/sound track or separate title eng
042 ## - AUTHENTICATION CODE
Authentication code nsdp
-- pcc
060 00 - NATIONAL LIBRARY OF MEDICINE CALL NUMBER
Classification number W1
Item number AD53U
070 0# - NATIONAL AGRICULTURAL LIBRARY CALL NUMBER
Classification number QD271.A1A3
072 #0 - SUBJECT CATEGORY CODE
Subject category code X500
080 ## - UNIVERSAL DECIMAL CLASSIFICATION NUMBER
Universal Decimal Classification number 544.92
082 04 - DEWEY DECIMAL CLASSIFICATION NUMBER
Classification number 544.92 GID
100 ## - Rafti
Rafti 4
101 ## - Shkurtesa
Shkurtesa SHM
210 0# - ABBREVIATED TITLE
Abbreviated title Adv. chromatogr.
Qualifying information (N.Y.N.Y.)
222 #0 - KEY TITLE
Key title Advances in chromatography
Qualifying information (New York, N.Y.)
245 10 - TITLE STATEMENT
Title Advances in chromatography.
310 ## - CURRENT PUBLICATION FREQUENCY
Current publication frequency Annual,
Date of current publication frequency <2005->
321 ## - FORMER PUBLICATION FREQUENCY
Former publication frequency Irregular
362 0# - DATES OF PUBLICATION AND/OR SEQUENTIAL DESIGNATION
Dates of publication and/or sequential designation Vol. 1-
510 2# - CITATION/REFERENCES NOTE
Name of source Chemical abstracts
International Standard Serial Number 0009-2258
530 ## - ADDITIONAL PHYSICAL FORM AVAILABLE NOTE
Additional physical form available note Also issued online.
555 ## - CUMULATIVE INDEX/FINDING AIDS NOTE
Cumulative index/finding aids note Vols. 1-9 with v. 10.
590 ## - LOCAL NOTE (RLIN)
Local note SERBIB/SERLOC merged record
776 08 - ADDITIONAL PHYSICAL FORM ENTRY
Display text Online version:
Title Advances in chromatography
International Standard Serial Number 2153-991X
Record control number (DLC) 2010203203
-- (OCoLC)556251245
776 08 - ADDITIONAL PHYSICAL FORM ENTRY
Display text Online version:
Title Advances in chromatography (New York, N.Y. : 1965)
Record control number (OCoLC)564752270
906 ## - LOCAL DATA ELEMENT F, LDF (RLIN)
a 7
b cbc
c serials
d u
e ncip
f 19
g n-oclcserc
942 ## - ADDED ENTRY ELEMENTS (KOHA)
Source of classification or shelving scheme
Item type Books
Holdings
Withdrawn status Lost status Source of classification or shelving scheme Damaged status Not for loan Collection code Permanent location Current location Shelving location Date acquired Total Checkouts Full call number Barcode Date last seen Price effective from Koha item type
          Koleksioni i përgjithshem UBT - Lipjan UBT - Lipjan Koleksioni i përgjithshem 02/27/2018   544.92 GID 002-3000168 02/27/2018 02/27/2018 Books
UBT Library © 2015-2024. All rights reserved University Education for Business and Technology